MARC

LEADER 00000nam0a2200000 4500
001 366832
005 20231102011924.0
035 |a (RuTPU)RU\TPU\retro\24195 
090 |a 366832 
100 |a 20220221d1979 k y0rusy50 ca 
101 0 |a rus 
102 |a RU 
105 |a a z 001zy 
200 1 |a Вопросы теории и расчета мощных электромашиннотиристорных комплексов  |e сборник научных трудов  |f Всесоюзный научно-исследовательский институт электромашиностроения ; под ред. В. Н. Левина 
210 |a Ленинград  |c Изд-во ВНИИЭМ  |d 1979 
215 |a 168 с.  |c ил. 
320 |a Библиогр. в конце ст. 
606 1 |a Электродвигатели асинхронные  |x Управление частотые  |2 stltpush  |3 (RuTPU)RU\TPU\subj\19820  |9 44988 
610 1 |a тиристоры 
610 1 |a теория 
610 1 |a расчет 
610 1 |a электромашинные устройства 
610 1 |a пусковые устройства 
610 1 |a частотно-управляемые электродвигатели 
610 1 |a вентильные каскады 
675 |a 621.313.333.07  |v 4 
702 1 |a Левин  |b В. Н.  |4 340 
712 0 2 |a Всесоюзный научно-исследовательский институт электромашиностроения  |2 stltpush  |3 (RuTPU)RU\TPU\col\13871  |9 25815 
801 1 |a RU  |b 63413507  |c 20220221 
801 2 |a RU  |b 63413507  |c 20220221  |g RCR 
942 |c BK